000 00699nam a2200217Ia 4500
003 GCL
008 140319s9999 xx 000 0 ara d
040 _aGCL /
_cGCL
082 0 4 _aق
_b347.62
_bل ت
100 1 _aلطيفة محمد سالم
245 1 0 _aتاريخ القضاء المصرى الحديث (47) /
_cلطيفة محمد سالم
260 _a[S.N] :
_bالهيئة المصرية العامة للكتاب ،
_c1991
300 _a166 ص
490 _aتاريخ المصريين
_v0
650 0 4 _aمصر
650 0 4 _aالقضاء
650 0 4 _aالقضاء المدنى
650 0 4 _aالقضاء الاداري
650 0 4 _aالقضاء الشرعى
942 _2ddc
_cBK
999 _c51511
_d51511